Liste des 56 ethnies reconnues officiellement par la Chine - Statistiques

Statistiques générales
  • Ce quiz a été pris 76 fois
  • Le résultat moyen est 7 sur 56
Statistiques - réponses
Population Ethnies (en Français) % Correct
1 230 117 207 Han
85%
8 399 393 Ouïghours
72%
5 416 021 Tibétains
57%
1 923 842 Coréens
51%
5 813 947 Mongols
51%
15 609 Russes
43%
1 250 458 Kazakhs
36%
241 198 Tu
36%
10 682 263 Mandchous
34%
9 816 802 Hui
31%
41 028 Tadjiks
28%
12 370 Ouzbeks
22%
1 247 814 Li
21%
160 823 Kirghizes
19%
4 890 Tatars
13%
7 762 286 Yi
12%
2 960 293 Dong
10%
8 940 116 Miao
9%
16 178 811 Zhuang
7%
1 158 989 Dai
6%
709 592 She
6%
1 858 063 Bai
4%
28 759 Nu
4%
2 637 421 Yao
4%
33 936 Achang
3%
2 971 460 Bouyei
3%
513 805 Dongxiang
3%
579 357 Gelao
3%
8 923 Monba
3%
104 503 Salar
3%
396 610 Va
3%
188 824 Xibe
3%
91 882 Blang
1%
16 505 Bonan
1%
17 935 De'ang
1%
30 505 Ewenki
1%
22 517 Gin
1%
1 439 673 Hani
1%
4 640 Hezhen
1%
20 899 Jino
1%
2 965 Lhoba
1%
107 166 Maonan
1%
8 196 Oroqen
1%
33 600 Pumi
1%
306 072 Qiangs
1%
406 902 Sui
1%
13 719 Yugurs
1%
132 394 Daur
0%
7 426 Derung
0%
458 000 Gaoshan
0%
132 143 Jingpo
0%
453 705 Lahu
0%
634 912 Lisu
0%
207 352 Mulao
0%
308 839 Naxi
0%
8 028 133 Tujias
0%
Aucun quiz correspondant
Distribution des résultats
% des personnes avec chaque résultat
Percentile par nombre de réponses
Votre historique - résultats
Vous n’avez pas pris ce quiz